• 首页
  • 本馆介绍
  • 公告通知
  • 最新文献
  • 馆藏检索
  • 电子资源
  • 读者导购
  • 参考咨询
  • 我的图书馆
  • 登录
  • 详细信息显示
  • 放入我的书架
  • 预约/预借图书
  • 作者相关作品
  • 分类相关作品
  • 丛书相关作品
  • 出版社相关作品

书目信息

  • 表格格式
  • 工作单格式
  • 卡片格式
题名:
柏林
    
 
作者: 谢曙光 , 何侃 主编 ;谢曙光 , 何侃 , 芮虎 主编
分册:  
出版信息: 北京   社会科学文献出版社  2004
页数: 205页
开本: 23cm
丛书名: 飞扬商旅书系
单 册:
中图分类: K956.19
科图分类:
主题词: 旅游指南--柏林
电子资源:
ISBN: 7-80190-357-9
000 01397nam0 2200385 450
000 01360nam0 2200373 450
000 01231nam0 2200361 450
000 01177nam0 2200337 450
000 01195nam0 2200325 450
000 01158nam0 2200313 45
001 TS2006024134
005 20070112091332.07
010    @a7-80190-357-9@dCNY39.00
100    @a20060829d2004 em y0chiy0110 ea
101 0  @achi
102    @aCN@b110000
105    @aa z 000yy
200 1  @a柏林@Abo lin@e废墟中复活的凤凰@EFei Xu Zhong Fu Huo De Feng Huang@f谢曙光,何侃主编@Fxie shu guang,he kan zhu bian@g芮虎编著@Grui hu bian zhu
210    @a北京@c社会科学文献出版社@d2004
215    @a205页@c彩照@d23cm
225 2  @a飞扬商旅书系@f谢曙光, 何侃主编
330    @a本书是一部为中国人量身定做的出行参考图书,内容包括柏林概况、城市区划、城市特色、柏林之最、周边之旅等。
410  0 @12001 @a飞扬商旅书系
510 1  @aBerlin@eAn Outstanding City Growinng up from Ruins@zeng
606 0  @a旅游指南@y柏林
690    @aK956.19@v4
701  0 @a谢曙光@Axie shu guang@c(编辑)@4主编
701  0 @a何侃@Ahe kan@4主编
702  0 @a谢曙光@Axie shu guang@4主编
702  0 @a何侃@Ahe kan@4主编
702  0 @a芮虎@Arui hu@4编著
801  0 @aCN@b中图数据@c20070112
905    @a10447@dK956.19@e156
    
    柏林:废墟中复活的凤凰/谢曙光,何侃主编/芮虎编著.-北京:社会科学文献出版社,2004
    205页:彩照;23cm.-(飞扬商旅书系/谢曙光, 何侃主编)
    
    
    ISBN 7-80190-357-9:CNY39.00
    本书是一部为中国人量身定做的出行参考图书,内容包括柏林概况、城市区划、城市特色、柏林之最、周边之旅等。
●
相关链接 在E读中查询图书 在五车中查询图书 在当当中查询图书 在豆瓣中查询图书


正题名:柏林     索取号:K956.19/156         预约/预借

序号 登录号 条形码 馆藏地/架位号 状态 备注
1 0611046   206110466   第二样本阅览室/ [索取号:K956.19/156] 在馆    
2 0611047   206110475   第二借阅区/ [索取号:K956.19/156] 在馆    
3 0611048   206110484   第二借阅区/ [索取号:K956.19/156] 在馆    
4 0611049   206110493   第二借阅区/ [索取号:K956.19/156] 在馆    
5 0611050   206110509   第二借阅区/ [索取号:K956.19/156] 在馆    
唐山师范学院图书馆 欢迎您!
大连网信软件有限公司© 版权所有